00550nam a2200193Ii 450000100060000000300090000600800410001502000150005604000330007104100080010408200130011210000240012524500650014926400490021430000120026333600260027533700280030133800270032919055CO-ViMGA241108s9999||||xx |||||||||||||| ||und|| a9588160049 aCO-ViMGAbspaerdacCO-ViMGA0 aspa04a980 A72c1 aGermán Arciniegas10aCuando América completó la tierra :bversión inédita 1aBogotá, Colombia : Villegas Editores, 2005 avolumen atextbtxt2rdacontent aunmediatedbn2rdamedia avolumebnc2rdacarrier